| 000 | 01362nam0a22002651 4500 | ||
|---|---|---|---|
| 001 | rc\3159068 | ||
| 005 | 20260406211902.0 | ||
| 021 |
_aRU _bРг967-77 |
||
| 035 | _a(NLR Aleph) 007301200 | ||
| 090 |
_a5712154 _c5712154 |
||
| 100 | _a20120615d1976 |||y0rusy50 ca | ||
| 101 | 0 | _arus | |
| 102 | _aRU | ||
| 105 | _aa b ||||| | ||
| 200 | 1 |
_aСредства обработки информации и формирования сигналов управления - комплекс электрических аналоговых средств регулирования ГСП в микроэлекронном исполнении "АКЭСР" _eКаталожные описания _fМ-во приборостроения, средств автоматизации и систем упр. СССР. Союзпромприбор |
|
| 210 |
_a[Москва] _cНИИ - Теплоприбор _d[1976] |
||
| 215 |
_a116 с. _cил. _d31 |
||
| 311 | _aПрил.: Дополнение., [1977] | ||
| 421 | 0 |
_11010#$arus _12001#$aДополнение _1210##$d[1977] _1215##$a7 л. _tДополнение |
|
| 712 | 0 | 2 |
_aНИИ теплоэнергетического приборостроения _cМосква _3RU\NLR\AUTH\889969126 _9434619 |
| 801 | 0 |
_aRU _bNLR _gpsbo |
|
| 801 | 1 |
_aRU _bELAR _2rusmarc |
|
| 852 |
_aNLR _jПт40.4/177 |
||
| 942 | _cBOOK | ||
| 980 | _aNB | ||